000 00698nam a2200265Ia 4500
005 20260324153506.0
008 008 260324s9999 xx 000 0 eng d
020 _a9780323957410
037 _aEBOOK
040 _aCRL
040 _beng
040 _cCRL
041 _2eng
041 _aeng
084 _qCRL
100 _aJustin B Leaf
_91231533
245 2 _aA Progressive Approach to Applied Behavior Analysis: The Autism Partnership Method
260 _bElsevier
260 _c2023
650 _aNeuroscience and Psychology
_91231534
856 _uhttps://www.sciencedirect.com/science/book/9780323957410
942 _cEBOOK
999 _c1843115
_d1843115